Unsere Kaiserin
Elmentve itt :
| Szerző: | |
|---|---|
| Dokumentumtípus: | Könyv |
| Megjelent: |
1890
|
| Kulcsszavak: | Erzsébet (Magyarország : királyné), Osztrák-Magyar Monrchia története |
| Online Access: | http://misc.bibl.u-szeged.hu/24847 |
| LEADER | 00540nam a2200157 i 4500 | ||
|---|---|---|---|
| 001 | misc24847 | ||
| 005 | 20191207094449.0 | ||
| 008 | 170831s1890 hu o 0|| zxx d | ||
| 040 | |a SZTE Miscellanea Repozitórium |b hun | ||
| 041 | |a zxx | ||
| 100 | 1 | |a Albon Eugen d' | |
| 245 | 1 | 0 | |a Unsere Kaiserin |h [elektronikus dokumentum] / |c Albon Eugen d' |
| 260 | |c 1890 | ||
| 300 | |a 209 | ||
| 695 | |a Erzsébet (Magyarország : királyné), Osztrák-Magyar Monrchia története | ||
| 856 | 4 | 0 | |u http://misc.bibl.u-szeged.hu/24847/1/013_008_001-209.pdf |z Dokumentum-elérés |